Progressive Metal - Meistgehörte Bands auf Spotify - Statistiken

Allgemein
  • Dieses Quiz wurde 19 mal gespielt
  • Das Durchschnittsergebnis liegt bei 4 aus 50
Antwortstatistiken
Nr Band Monatliche Hörer % Korrekt
4 Dream Theater 1,552,123
89%
2 TOOL 4,716,152
63%
8 Opeth 796,720
42%
47 Symphony X 175,970
37%
3 Gojira 2,227,396
32%
42 Leprous 210,240
16%
48 Devin Townsend 169,344
11%
6 Mastodon 1,147,280
11%
7 Queensrÿche 1,030,410
11%
50 Allt 159,733
5%
39 Amorphis 240,243
5%
28 Edguy 293,253
5%
43 Karnivool 205,998
5%
46 Ne Obliviscaris 177,324
5%
21 Periphery 386,040
5%
5 Polyphia 1,314,234
5%
13 Porcupine Tree 564,547
5%
41 Rivers of Nihil 220,566
5%
34 Savatage 265,246
5%
1 Sleep Token 8,123,217
5%
32 Soen 271,934
5%
20 Steven Wilson 398,425
5%
49 TesseracT 166,088
5%
17 The Mars Volta 459,302
5%
36 Therion 258,339
5%
38 VOLA 242,482
5%
22 After The Burial 375,862
0%
23 Anathema 351,942
0%
16 ANGRA 473,071
0%
29 Animals As Leaders 292,177
0%
31 Born Of Osiris 281,590
0%
37 Chon 243,834
0%
11 ERRA 729,299
0%
30 Intervals 285,282
0%
25 Invent Animate 321,353
0%
10 Jinjer 733,392
0%
26 Kamelot 303,262
0%
24 Katatonia 323,504
0%
45 Masterplan 190,772
0%
12 Meshuggah 655,201
0%
15 Northlane 497,300
0%
14 NOVELISTS 509,771
0%
40 Oceans Ate Alaska 221,554
0%
27 Plini 298,686
0%
18 Sonata Arctica 451,127
0%
9 Stratovarius 791,156
0%
44 The Dillinger Escape Plan 203,067
0%
33 Unprocessed 269,316
0%
35 Veil Of Maya 262,843
0%
19 Volumes 404,861
0%
Keine übereinstimmenden Quizze gefunden
Verteilung der Resultate
Anzahl Personen mit jedem Resultat
Perzentil nach korrekt beantworteten Fragen
Ihre Resultats-Entwicklung
Sie haben dieses Quiz noch nicht gespielt